Missing Word: Double Letter Novels II Quiz Stats

 Plays Quiz Updated Nov 4, 2019

Score 0/16 Timer 04:00
1 Play Today
Novel Missing Word % Correct
The Girl with the Dragon ___Tattoo
97.4%
___ Eighty-FourNineteen
95.7%
For Whom the ___ TollsBell
95.7%
___ LongstockingPippi
93%
Things ___ ApartFall
89.7%
A ___ to IndiaPassage
86.5%
A Connecticut ___ in King Arthur's CourtYankee
76.8%
Do Androids Dream of Electric ___?Sheep
67.3%
Novel Missing Word % Correct
The Big ___Sleep
63.7%
___ DorritLittle
57.2%
Me Talk ___ One DayPretty
37.1%
___ and ZooeyFranny
35.7%
Darkness at ___Noon
35.5%
The ___ Bead GameGlass
16.2%
Jacob's ___Room
9.9%
The Book of Laughter and ___Forgetting
9.6%

Today's Daily Dose

Word Ladder
Lean on Me

Get the Picture
Superhero by Villain

You're not logged in!

Compare scores with friends on all Sporcle quizzes.
OR
Log In

Sporcle TV

Today on Sporcle TV


Watch our educational content, quiz creation guides, and fun videos on Sporcle TV.

Show Comments

Extras

Top Quizzes Today


Score Distribution

Your Account Isn't Verified!

In order to create a playlist on Sporcle, you need to verify the email address you used during registration. Go to your Sporcle Settings to finish the process.

Report this User

Report this user for behavior that violates our Community Guidelines.

Details: